00371nam a22001217a 4500008004100000020001500041082001000056100002100066245007800087260003800165300002400203700002200227230202b |||||||| |||| 00| 0 eng d a0060429755 a300.1 aHuck, Schyler W. aRival Hypotheses:bAlternative interpretations of data based conclusions. aNew York:bHarper and Row;c1979. axxi.245 p:c23.5 cm aSandler, Howard M